000 00297nam a22001457a 4500
008 210531b ||||| |||| 00| 0 eng d
020 _a9781565921757
041 _aeng
080 _a004
082 _a004
100 _a28
101 _aSHKI
245 _aHTML
_cMusciano,Ch
942 _2udc
_cBK
999 _c57832
_d57832